TOP 100 - Personnages les plus BADASS - Tout animé - Statistiques

Statistiques générales
  • Ce quiz a été pris 2 323 fois
  • Le résultat moyen est 26 sur 100
Statistiques - réponses
Rang Votes Personnage % Correct
32 7 571 681 Naruto Uzumaki
87%
43 6 135 488 Monkey D. Luffy
83%
33 7 568 194 Sasuke Uchiha
80%
11 8 318 837 Son Goku
78%
12 8 316 470 Zoro Roronoa
78%
3 9 212 364 Livai Ackerman
72%
17 7 991 904 Eren Jaeger
71%
7 8 819 793 Vegeta
68%
1 9 638 054 Itachi Uchiha
67%
10 8 321 949 Madara Uchiha
63%
22 7 972 973 Gojo Satoru
62%
16 7 995 611 Kakashi Hatake
60%
67 2 907 961 Sanji Vinsmoke
60%
57 4 127 549 Gon Freecs
59%
29 7 684 336 Killua Zoldyck
58%
61 3 643 594 Mikasa Ackerman
54%
36 7 316 892 Saitama
53%
21 7 975 658 Ichigo Kurosaki
51%
31 7 575 038 Light Yagami
46%
79 2 075 331 Izuku Midoryia
45%
26 7 865 528 Obito Uchiha
45%
9 8 592 675 Shanks
45%
77 2 173 474 Natsu Dragneel
44%
74 2 400 843 Sukuna Ryoumen
42%
40 6 496 283 Hisoka Morow
39%
41 6 444 079 Minato Namikaze
39%
20 7 976 452 Nagato Uzumaki "Pain"
38%
14 8 039 184 Son Gohan
38%
4 9 044 099 Aizen Sosuke
35%
15 7 997 577 Meruem
33%
2 9 271 886 Guts
32%
88 1 367 489 Kurapika
31%
30 7 626 742 Meliodas
31%
35 7 322 853 Kibutsuji Muzan
30%
19 7 980 730 Kaneki Ken
29%
90 1 146 465 Erza Scarlett
28%
69 2 779 406 Cell
26%
91 1 041 826 Donquixote Doflamingo
26%
66 2 920 453 Trunks
26%
59 3 839 384 Lelouch Lamperouge
25%
85 1 514 184 Ban
23%
65 3 108 764 Broly
22%
53 4 361 804 Isaac Netero
22%
51 4 591 624 Kuroro Lucifer
21%
48 5 283 972 Baki Hanma
20%
5 9 005 468 Dio Brando
20%
18 7 984 034 Jotaro Kujo
20%
46 5 517 584 Karma Akabane
20%
34 7 382 506 Dracule Mihawk
19%
25 7 879 897 Escanor
19%
44 5 862 805 Tomura Shigaraki
18%
98 862 538 Draken
17%
93 957 822 Jiren
17%
82 1 748 627 Tobirama Senju
17%
63 3 334 615 Rin Itoshi
16%
89 1 241 768 Thorfinn
16%
23 7 926 224 Yami Sukehiro
16%
49 4 895 163 Kira Yoshikage
14%
38 6 963 647 Sano Manjiro
13%
52 4 526 416 Charlotte Katakuri
12%
24 7 904 061 Edward Newgate
12%
87 1 421 981 Garo
12%
81 1 832 150 Makima
12%
47 5 342 636 Yamamoto Genryûsai Shigekuni
12%
76 2 252 297 Yuta Okkotsu
12%
13 8 056 315 Zaraki Kenpachi
12%
71 2 645 717 Dabi
11%
58 3 872 776 Feitan Zoldyck
11%
60 3 765 088 Giorno Giovanna
11%
42 6 212 541 Grimmjow Jaggerjack
11%
97 881 776 Kiyotaka Ayanokoji
10%
56 4 154 193 Ulquiorra Schiffer
10%
6 8 837 552 Yujiro Hanma
9%
94 939 174 Askeladd
8%
96 931 387 Black Goku
8%
45 5 649 210 Kageyama Shigeo
8%
54 4 258 341 Roy Mustang
8%
37 7 061 115 Acnologia
7%
68 2 836 587 Thors Snorresson
7%
64 3 187 321 Gildarts Clive
6%
50 4 724 359 Julius Novachrono
6%
27 7 752 939 Alucard
5%
55 4 167 532 Estarossa
5%
62 3 578 296 Kisuke Urahara
5%
73 2 466 682 Yhwach
5%
75 2 358 518 Bardock
4%
28 7 727 453 Gilgamesh
4%
8 8 658 126 Johan Liebert
4%
86 1 452 627 Stain
4%
70 2 723 824 Hashirama Senju
3%
95 933 845 Joker
3%
78 2 094 857 Kenshiro
3%
80 1 958 793 Unohana Retsu
3%
100 834 082 Arima Kisho
2%
99 845 684 Dante Zogratis
2%
92 972 429 Hyakkimaru
2%
39 6 530 958 Isshiki Otsutsuki
2%
84 1 667 952 Spike Spiegel
2%
72 2 581 249 Hei
1%
83 1 724 741 Mereleona
1%
Aucun quiz correspondant
Distribution des résultats
% des personnes avec chaque résultat
Percentile par nombre de réponses
Votre historique - résultats
Vous n’avez pas pris ce quiz